| 000 | 01329nam0a2200337 4500 | ||
|---|---|---|---|
| 001 | RU\NLR\BIBL_A\022503236 | ||
| 005 | 20260408193141.0 | ||
| 010 |
_a978-5-9909475-4-2 _9300 |
||
| 035 | _a(NLR Aleph) 022503236 | ||
| 090 |
_a13388363 _c13388363 |
||
| 100 | _a20250326d2017 k y0rusy50 ca | ||
| 101 | 0 | _arus | |
| 102 | _aRU | ||
| 105 | _aa z 000yy | ||
| 181 | 0 |
_ai3 _baxxe |
|
| 182 | 0 | _an | |
| 200 | 1 |
_aРоссийская бюрократия _eпроблемы и перспективы _eмонография _fА. В. Макарин |
|
| 203 |
_aТекст _bвизуальный _cнепосредственный |
||
| 205 | _a3-е изд., доп. и перераб. | ||
| 210 |
_aСанкт-Петербург _cФонд развития конфликтологии _d2017 |
||
| 215 |
_a372, [1] с. _cил., табл. _d21 |
||
| 320 | _aБиблиогр. в подстроч. примеч. | ||
| 606 | 1 |
_aБюрократия _yРоссия _z19 - 20 вв. _92138624 _3RU\NLR\AUTH\661289297 |
|
| 606 |
_aБюрократия (полит.) _3RU\NLR\AUTH\661322576 _92200927 |
||
| 686 | 1 | _aФ011.3 | |
| 686 | 1 | _aФ3(2)15 | |
| 700 | 1 |
_aМакарин _bА. В. _gАлександр Викторович |
|
| 942 | _cBOOK | ||
| 980 | _aNB | ||